Transcontinental countries - Statistics

General Stats
  • This quiz has been taken 1,009 times
    933 since last reset
  • The average score is 9 of 11
Answer Stats
Hint Answer % Correct
Asia-Europe Russia
99%
Asia-Europe Turkey
98%
Africa-Asia Egypt
92%
Europe-South America France
91%
Europe-Africa Spain
87%
North America-Oceania United States
87%
Asia-Europe Georgia
86%
Europe-North America Denmark
82%
Asia-Europe Azerbaijan
80%
Asia-Europe Kazakhstan
74%
Europe-North America Netherlands
66%
No matching quizzes found
Score Distribution
Percent of People with Each Score
Percentile by Number Answered
Your Score History
You have not taken this quiz since the last reset